| 000 | 00477cam a22001457a 4500 | ||
|---|---|---|---|
| 008 | 180718b2000 xxu||||| |||| 00| 0 eng d | ||
| 020 | _a019651332 | ||
| 082 | _aAB45 B388 | ||
| 100 | _aBeckerlegge, Gwilym | ||
| 245 |
_aRamakrishna mission: the making of a modern Hindu movement _cby Gwilym Beckerlegge |
||
| 260 |
_aNew Delhi _bOxford Univ. Press _c2000 |
||
| 300 | _a219p. | ||
| 650 | _aHinduism - Missions | ||
| 650 | _aParamahansa, Ramakrishna - Criticism and interpretation | ||
| 999 |
_c396135 _d396135 |
||